Word Ladder: What to Do to Hair Quiz Stats

 Plays Quiz Updated Jan 23, 2018

Score 0/36 Timer 04:00
5 Plays Today
Clue Answer % Correct
💇 Trim with scissors 💇💇 CUT 💇
98.3%
💇 To change the color of 💇💇 DYE 💇
95.4%
Pet that's often aloofCAT
94.8%
Took first placeWON
93%
Brought into the worldBORN
93%
AdorableCUTE
91.5%
Actor's promptCUE
91.3%
Slangy bit of body artTAT
90.3%
Affected by wearWORN
90.1%
Incapable of speechMUTE
90%
Pasty-faced, ashyWAN
88.9%
____ of passageRITE
88.4%
💇 Cleanse in water 💇💇 WASH 💇
86.5%
Couple in RomeDUE
85.9%
Government levyTAX
85.2%
Parasitic arachnidMITE
84.9%
Cheek makeupBLUSH
82.3%
Undergo combustionBURN
82.2%
Clue Answer % Correct
💇 Spa treatment 💇💇 WAX 💇
81.8%
Preserve with saltCURE
81.7%
Express a desire forWISH
78.6%
💇 Scrub with a bristled tool 💇💇 BRUSH 💇
78.3%
Quick burst of lightFLASH
75.1%
Not filled inBLANK
71.8%
Pour liquid over or throughFLUSH
71.1%
Hardly zestyBLAND
70.6%
Side of an animalFLANK
70.2%
Hooch holderFLASK
69.9%
Hardly well-thought-outRASH
69.7%
Waste not a momentRUSH
69.2%
Having knowledgeWISE
68.7%
💇 To make pigtails 💇💇 BRAID 💇
67%
Court order to allRISE
66.6%
Characteristic or distinctive kindBRAND
62.6%
💇 Twist into a round shape 💇💇 CURL 💇
59.5%
A knot or lump in clothBURL
55.9%

Today's Daily Dose

Missing Word
Arizona A-Z

Word Ladder
Greek Letters II

Get the Picture
US National Parks

You're not logged in!

Compare scores with friends on all Sporcle quizzes.
OR
Log In

You Might Also Like...

Show Comments

Extras

Top Quizzes Today


Score Distribution

Your Account Isn't Verified!

In order to create a playlist on Sporcle, you need to verify the email address you used during registration. Go to your Sporcle Settings to finish the process.

Report this User

Report this user for behavior that violates our Community Guidelines.

Details: